000
00340 a2200157 4500
001
171884
020
_a
040
_c
Magnum
100
_a
Sebastiani, Julieta
240
1
0
_a
A arvore dos passarinhos
_l
por
245
1
0
_a
A arvore dos passarinhos
362
0
_a
1899
440
1
_a
Ática
697
_a
I/AVENTURA, CRIANCAS
942
_c
BK
999
_c
171884
_d
171884